00840cam a2200229 a 4500020001500000040000800015082002600023245005500049246003200104260004300136300002900179500018600208650002800394650002500422650002600447650002200473650001800495650001900513700003100532700002200563710002500585 a2748328205 cTZT04a333 PUB 2006 A065 Or.00aEnvironnement :bles bons "plants" des Africains /30aBons "plants" des Africains a[Paris, France] :bPublibook,c[2006?] a135 p. :bill. ;c24 cm. a"Les articles qui composent ce livre ont tous été rédigés par les journalistes de Syvia International ... Coordination: Marie-Agnès Leplaideur et Denise Williams"--P. [3]. 0aSustainable development 0aEnvironmental policy 0aAgriculture and state 0aNatural resources 0aDeforestation 0aForest ecology1 aLeplaideur, Marie-Agnès.1 aWilliams, Denise.2 aSyfia (Press Agency)